000 00477nam a2200157Ia 4500
008 240729s9999 xx 000 0 und d
022 _a2456-2068
245 0 _aJournal of Social Work Education and Practice
260 _aIndia
260 _bSocial Workers in India
650 _a Social pathology. Social and public welfare. Criminology
650 _aSocial Sciences
856 _uhttps://doaj.org/toc/b20e922ba00546f3997d06288af3ac6b
942 _2ddc
942 _cDOAJEJ
999 _c73488
_d73488
945 _a1
_bMadushi Gamage
_c1
_dMadushi Gamage